Statystyki dla Wszystkie Platformy VOD w Polsce

Kliknij tutaj aby rozwiązać quiz!

Ogólne statystyki

  • Ten quiz został rozwiązany 15 razy
  • Średni wynik to 7 z 31

Statystyki odpowiedzi

Platforma% Poprawnych
TVP VOD
100%
Netflix
93%
Prime Video
86%
Player
79%
Disney+
71%
HBO Max
64%
Polsat Box Go
64%
Canal+ Online
43%
Sky Showtime
36%
Viaplay
36%
AppleTV
21%
FilmBox+
7%
Megogo
7%
35mm.online
0%
Arte
0%
Cineman
0%
dafilms
0%
E-Kino pod Baranami
0%
FlixClassic
0%
Katoflix
0%
MOJEeKINO
0%
Ninateka
0%
Nowe Horyzonty VOD
0%
Outfilm
0%
Pięć Smaków
0%
Play NOW
0%
Red GO
0%
TV Smart GO
0%
VOD MDAG
0%
VOD Warszawa
0%
WFDIF
0%

Rozkład punktacji

Percentyl według liczby udzielonych odpowiedzi

Procent ludzi z każdym wynikiem

Twoja historia wyników

Nie rozwiązałeś tego quizu